Computer graphics programming (Record no. 9103)

MARC details
000 -LEADER
fixed length control field 00728nam a2200229Ia 4500
003 - CONTROL NUMBER IDENTIFIER
control field IN-BaIIA
008 - FIXED-LENGTH DATA ELEMENTS--GENERAL INFORMATION
fixed length control field 211028s9999 xx 000 0 eng d
020 ## - INTERNATIONAL STANDARD BOOK NUMBER
International Standard Book Number 3-540-16317-4
040 ## - CATALOGING SOURCE
Transcribing agency IIA Library
080 ## - UNIVERSAL DECIMAL CLASSIFICATION NUMBER
Universal Decimal Classification number 519.68
Item number END
100 ## - MAIN ENTRY--PERSONAL NAME
Personal name Enderle, G
9 (RLIN) 15283
245 #0 - TITLE STATEMENT
Title Computer graphics programming
Remainder of title GKS-the graphics standard
Statement of responsibility, etc. G. Enderle, K. Kansy and Pfaff, G
250 ## - EDITION STATEMENT
Edition statement 2nd ed.
260 ## - PUBLICATION, DISTRIBUTION, ETC.
Place of publication, distribution, etc. Berlin
Name of publisher, distributor, etc. Springer-Verlag
Date of publication, distribution, etc. 1987
300 ## - PHYSICAL DESCRIPTION
Extent xxiii, 651p.
490 ## - SERIES STATEMENT
Series statement Springer-series symbolic computation, computer graphics-syst
650 ## - SUBJECT ADDED ENTRY--TOPICAL TERM
Topical term or geographic name entry element Computer graphics
650 ## - SUBJECT ADDED ENTRY--TOPICAL TERM
Topical term or geographic name entry element NASA thesaurus
700 ## - ADDED ENTRY--PERSONAL NAME
Personal name Kansy, K
9 (RLIN) 15284
700 ## - ADDED ENTRY--PERSONAL NAME
Personal name Pfaff, G
9 (RLIN) 15285
942 ## - ADDED ENTRY ELEMENTS (KOHA)
Koha item type Books
Holdings
Withdrawn status Lost status Damaged status Not for loan Home library Current library Shelving location Date acquired Cost, normal purchase price Total Checkouts Full call number Barcode Date last seen Cost, replacement price Price effective from Koha item type Purchase Price
        IIA Library-Bangalore IIA Library-Bangalore General Stacks   1110.00   519.68/ END 10005 05/11/2021 1110.00   Books Rs. 1110

Powered by Koha